Tia nắng Thơ

Αποθηκεύτηκε σε:
Λεπτομέρειες βιβλιογραφικής εγγραφής
Κύριος συγγραφέας: Nguyễn Đình Thi
Μορφή: Βιβλίο
Γλώσσα:Undetermined
Έκδοση: Hà Nội Văn học 1983
Θέματα:
Ετικέτες: Προσθήκη ετικέτας
Δεν υπάρχουν, Καταχωρήστε ετικέτα πρώτοι!
Thư viện lưu trữ: Trung tâm Học liệu Trường Đại học Cần Thơ
LEADER 00474nam a2200181Ia 4500
001 CTU_10807
008 210402s9999 xx 000 0 und d
082 |a 895.922133 
082 |b Th300 
100 |a Nguyễn Đình Thi 
245 0 |a Tia nắng 
245 0 |b Thơ 
245 0 |c Nguyễn Đình Thi 
260 |a Hà Nội 
260 |b Văn học 
260 |c 1983 
650 |a vietnamese poetry 
980 |a Trung tâm Học liệu Trường Đại học Cần Thơ